[Event "CECLUB Segunda División"]
[Site "Linares"]
[Date "2017.08.08"]
[Round "1"]
[White "Vallejo Pons, Francisco"]
[Black "Balbuena Fuentes, Mario"]
[Result "1-0"]
[Board "1"]
[WhiteTitle "GM"]
[WhiteElo "2717"]
[WhiteCountry "ESP"]
[WhiteFideId "2205530"]
[WhiteEloChange "1"]
[BlackTitle "FM"]
[BlackElo "2255"]
[BlackCountry "ESP"]
[BlackFideId "32017880"]
[BlackEloChange "-2"]

1. Nf3 {[%clk 1:30:48]} b6 {[%clk 1:30:37]} 2. e4 {[%clk 1:27:06]} Bb7 {[%clk
1:29:26]} 3. Nc3 {[%clk 1:27:01]} Nf6 {[%clk 1:28:47]} 4. e5 {[%clk 1:26:14]} Nd5
{[%clk 1:28:21]} 5. Nxd5 {[%clk 1:22:16]} Bxd5 {[%clk 1:28:41]} 6. d4 {[%clk
1:22:38]} e6 {[%clk 1:25:17]} 7. Bf4 {[%clk 1:21:35]} Be7 {[%clk 1:10:26]} 8. Bd3
{[%clk 1:18:07]} f6 {[%clk 0:59:40]} 9. c3 {[%clk 1:05:56]} O-O {[%clk 0:50:06]}
10. Qc2 {[%clk 0:57:46]} f5 {[%clk 0:47:30]} 11. Qe2 {[%clk 0:53:22]} Qe8 {[%clk
0:34:32]} 12. Bc4 {[%clk 0:47:22]} c6 {[%clk 0:27:58]} 13. h4 {[%clk 0:38:04]}
Qh5 {[%clk 0:24:16]} 14. O-O-O {[%clk 0:33:43]} Bxf3 {[%clk 0:19:56]} 15. gxf3
{[%clk 0:31:43]} b5 {[%clk 0:20:06]} 16. Bb3 {[%clk 0:28:45]} Na6 {[%clk
0:18:11]} 17. a4 {[%clk 0:27:44]} bxa4 {[%clk 0:15:30]} 18. Bxa4 {[%clk 0:22:20]}
Nc7 {[%clk 0:15:46]} 19. Rdg1 {[%clk 0:19:59]} Rab8 {[%clk 0:13:53]} 20. Bg5
{[%clk 0:17:57]} Rf7 {[%clk 0:09:18]} 21. Bd1 {[%clk 0:17:01]} h6 {[%clk
0:07:00]} 22. Qd2 {[%clk 0:13:54]} f4 {[%clk 0:03:04]} 23. Bxe7 {[%clk 0:09:51]}
Rxe7 {[%clk 0:03:32]} 24. Rg4 {[%clk 0:09:10]} Nd5 {[%clk 0:01:33]} 25. Bc2
{[%clk 0:08:29]} Qf7 {[%clk 0:01:44]} 26. Qd3 {[%clk 0:05:54]} Kf8 {[%clk
0:02:04]} 27. Rhg1 {[%clk 0:04:44]} a5 {[%clk 0:01:08]} 28. Qa6 {[%clk 0:04:15]}
Ree8 {[%clk 0:00:58]} 29. Bg6 {[%clk 0:03:14]} Qe7 {[%clk 0:01:00]} 30. Bxe8
{[%clk 0:03:28]} Nxc3 {[%clk 0:01:16]} 31. Rxg7 {[%clk 0:02:18]} Na2+ {[%clk
0:01:06]} 32. Kd1 {[%clk 0:02:24]} 1-0

[Event "CECLUB Segunda División"]
[Site "Linares"]
[Date "2017.08.08"]
[Round "1"]
[White "Delgado Serrano, Angel"]
[Black "Llobell Cortell, Enrique"]
[Result "0-1"]
[Board "2"]
[WhiteElo "2124"]
[WhiteCountry "ESP"]
[WhiteFideId "2230062"]
[WhiteEloChange "-3"]
[BlackTitle "IM"]
[BlackElo "2402"]
[BlackCountry "ESP"]
[BlackFideId "2216116"]
[BlackEloChange "2"]

1. Nf3 {[%clk 1:30:30]} d6 {[%clk 1:30:30]} 2. g3 {[%clk 1:30:30]} e5 {[%clk
1:30:30]} 3. Bg2 {[%clk 1:30:30]} f5 {[%clk 1:30:30]} 4. O-O {[%clk 1:30:30]} Nf6
{[%clk 1:30:30]} 5. c4 {[%clk 1:30:30]} Be7 {[%clk 1:30:30]} 6. Nc3 {[%clk
1:30:30]} O-O {[%clk 1:30:30]} 7. d3 {[%clk 1:30:30]} Qe8 {[%clk 1:30:30]} 8. b4
{[%clk 1:30:30]} Qh5 {[%clk 1:30:30]} 9. Bb2 {[%clk 1:30:30]} f4 {[%clk 1:30:30]}
10. Nd5 {[%clk 1:30:30]} Nxd5 {[%clk 1:30:30]} 11. cxd5 {[%clk 1:30:30]} Nd7
{[%clk 1:30:30]} 12. Qc2 {[%clk 1:30:30]} fxg3 {[%clk 1:30:30]} 13. hxg3 {[%clk
1:30:30]} Nf6 {[%clk 1:30:30]} 14. Qxc7 {[%clk 1:30:30]} Nxd5 {[%clk 1:30:30]}
15. Qc2 {[%clk 1:30:30]} Nf6 {[%clk 1:30:30]} 16. Qc4+ {[%clk 1:30:30]} Kh8
{[%clk 1:30:30]} 17. Qh4 {[%clk 1:30:30]} Qf7 {[%clk 1:30:30]} 18. Ng5 {[%clk
1:30:30]} Qg6 {[%clk 1:30:30]} 19. f4 {[%clk 1:30:30]} h6 {[%clk 1:30:30]} 20.
Rac1 {[%clk 1:30:30]} exf4 {[%clk 1:30:30]} 21. gxf4 {[%clk 1:30:30]} Nh7 {[%clk
1:30:30]} 22. Rc7 {[%clk 1:30:30]} hxg5 {[%clk 1:30:30]} 23. fxg5 {[%clk
1:30:30]} Rxf1+ {[%clk 1:30:30]} 24. Kxf1 {[%clk 1:30:30]} Bf8 {[%clk 1:30:30]}
25. Be4 {[%clk 1:30:30]} Bf5 {[%clk 1:30:30]} 26. Bxb7 {[%clk 1:30:30]} Rb8
{[%clk 1:30:30]} 27. Bd4 {[%clk 1:30:30]} a6 {[%clk 1:30:30]} 28. a3 {[%clk
1:30:30]} Qxg5 {[%clk 1:30:30]} 29. Qxg5 {[%clk 1:30:30]} Nxg5 {[%clk 1:30:30]}
30. Bxa6 {[%clk 1:30:30]} Ne6 {[%clk 1:30:30]} 31. Rc4 {[%clk 1:30:30]} d5 {[%clk
1:30:30]} 32. Ba7 {[%clk 1:30:30]} Ra8 {[%clk 1:30:30]} 33. Rh4+ {[%clk 1:30:30]}
Kg8 {[%clk 1:30:30]} 34. e4 {[%clk 1:30:30]} Bg6 {[%clk 1:30:30]} 35. exd5 {[%clk
1:30:30]} Rxa7 {[%clk 1:30:30]} 36. Bc4 {[%clk 1:30:30]} Nd8 {[%clk 1:30:30]} 37.
Rf4 {[%clk 1:30:30]} Bd6 {[%clk 1:30:30]} 38. Rg4 {[%clk 1:30:30]} Bf5 {[%clk
1:30:30]} 39. Rg5 {[%clk 1:30:30]} g6 {[%clk 1:30:30]} 0-1

[Event "CECLUB Segunda División"]
[Site "Linares"]
[Date "2017.08.08"]
[Round "1"]
[White "Pallardo Lozoya, Jose Vicente"]
[Black "Esquivias Quintero, Luis Manuel"]
[Result "1-0"]
[Board "3"]
[WhiteTitle "FM"]
[WhiteElo "2389"]
[WhiteCountry "ESP"]
[WhiteFideId "2230380"]
[WhiteEloChange "3"]
[BlackElo "2061"]
[BlackCountry "ESP"]
[BlackFideId "32018215"]
[BlackEloChange "-3"]

1. e4 {[%clk 1:30:56]} c5 {[%clk 1:30:39]} 2. Nc3 {[%clk 1:31:19]} g6 {[%clk
1:31:01]} 3. g3 {[%clk 1:31:38]} Bg7 {[%clk 1:31:17]} 4. Bg2 {[%clk 1:32:00]} Nc6
{[%clk 1:31:39]} 5. d3 {[%clk 1:31:34]} Rb8 {[%clk 1:31:46]} 6. Be3 {[%clk
1:31:30]} b5 {[%clk 1:30:58]} 7. Qd2 {[%clk 1:29:14]} d6 {[%clk 1:29:47]} 8. f4
{[%clk 1:28:18]} e6 {[%clk 1:26:37]} 9. e5 {[%clk 1:20:16]} Nd4 {[%clk 1:22:51]}
10. Ne4 {[%clk 1:11:41]} dxe5 {[%clk 1:16:01]} 11. fxe5 {[%clk 1:08:31]} Bxe5
{[%clk 1:08:56]} 12. c3 {[%clk 1:07:45]} Nc6 {[%clk 0:55:33]} 13. Bxc5 {[%clk
1:03:22]} f5 {[%clk 0:54:25]} 14. d4 {[%clk 0:55:34]} Bc7 {[%clk 0:50:43]} 15.
Ng5 {[%clk 0:50:04]} Nge7 {[%clk 0:49:05]} 16. Qe2 {[%clk 0:47:07]} Qd7 {[%clk
0:47:32]} 17. O-O-O {[%clk 0:41:58]} h6 {[%clk 0:40:30]} 18. d5 {[%clk 0:40:07]}
exd5 {[%clk 0:26:13]} 19. Rxd5 {[%clk 0:36:08]} hxg5 {[%clk 0:25:28]} 20. Rxd7
{[%clk 0:36:29]} Kxd7 {[%clk 0:25:51]} 21. Nf3 {[%clk 0:33:48]} 1-0

[Event "CECLUB Segunda División"]
[Site "Linares"]
[Date "2017.08.08"]
[Round "1"]
[White "Rodriguez Del Cerro, Ricardo"]
[Black "Sos Andreu, Eric"]
[Result "1/2-1/2"]
[Board "4"]
[WhiteElo "2024"]
[WhiteCountry "ESP"]
[WhiteFideId "24512451"]
[WhiteEloChange "7"]
[BlackTitle "IM"]
[BlackElo "2347"]
[BlackCountry "ESP"]
[BlackFideId "22247017"]
[BlackEloChange "-7"]

1. c4 {[%clk 1:30:37]} c5 {[%clk 1:30:39]} 2. Nc3 {[%clk 1:30:47]} g6 {[%clk
1:30:49]} 3. g3 {[%clk 1:31:11]} Bg7 {[%clk 1:31:05]} 4. Bg2 {[%clk 1:31:35]} Nc6
{[%clk 1:31:24]} 5. a3 {[%clk 1:30:55]} e6 {[%clk 1:31:20]} 6. Rb1 {[%clk
1:31:08]} Nge7 {[%clk 1:30:06]} 7. b4 {[%clk 1:31:23]} d6 {[%clk 1:30:01]} 8. Nf3
{[%clk 1:31:13]} O-O {[%clk 1:30:00]} 9. O-O {[%clk 1:31:37]} Qd7 {[%clk
1:30:27]} 10. Qa4 {[%clk 1:21:54]} Rd8 {[%clk 1:26:06]} 11. Bb2 {[%clk 1:17:11]}
Nf5 {[%clk 1:21:40]} 12. bxc5 {[%clk 1:07:28]} dxc5 {[%clk 1:20:07]} 13. Ne4
{[%clk 1:05:44]} Ncd4 {[%clk 1:18:15]} 14. Qxd7 {[%clk 1:03:56]} Nxe2+ {[%clk
1:17:11]} 15. Kh1 {[%clk 1:04:25]} Rxd7 {[%clk 1:14:36]} 16. Bxg7 {[%clk
1:01:49]} Kxg7 {[%clk 1:14:59]} 17. Nxc5 {[%clk 1:02:10]} Rc7 {[%clk 1:15:14]}
18. Nb3 {[%clk 1:02:00]} a5 {[%clk 1:08:51]} 19. Rfe1 {[%clk 0:38:37]} a4 {[%clk
1:08:53]} 20. Rxe2 {[%clk 0:38:52]} axb3 {[%clk 1:09:18]} 21. d3 {[%clk 0:38:20]}
Rxa3 {[%clk 1:09:16]} 22. Reb2 {[%clk 0:37:35]} b5 {[%clk 1:06:53]} 23. cxb5
{[%clk 0:28:29]} Rc3 {[%clk 0:58:45]} 24. Nd2 {[%clk 0:25:19]} Nd6 {[%clk
0:54:53]} 25. b6 {[%clk 0:21:07]} Rxd3 {[%clk 0:52:59]} 26. Rxb3 {[%clk 0:19:24]}
Bb7 {[%clk 0:51:31]} 27. Rxa3 {[%clk 0:19:10]} Rxa3 {[%clk 0:51:39]} 28. Nc4
{[%clk 0:18:59]} Nxc4 {[%clk 0:49:35]} 29. Bxb7 {[%clk 0:19:27]} Nd2 {[%clk
0:48:09]} 30. Rb4 {[%clk 0:17:19]} Rb3 {[%clk 0:47:15]} 31. Rxb3 {[%clk 0:11:58]}
Nxb3 {[%clk 0:47:39]} 32. Bc6 {[%clk 0:03:55]} Nc5 {[%clk 0:47:22]} 1/2-1/2

[Event "CECLUB Segunda División"]
[Site "Linares"]
[Date "2017.08.08"]
[Round "1"]
[White "Acosta Sosa, Juan Manuel"]
[Black "Lopez Martinez, Josep Manuel"]
[Result "0-1"]
[Board "1"]
[WhiteTitle "FM"]
[WhiteElo "2301"]
[WhiteCountry "ESP"]
[WhiteFideId "2256002"]
[WhiteEloChange "-3"]
[BlackTitle "GM"]
[BlackElo "2589"]
[BlackCountry "ESP"]
[BlackFideId "2212943"]
[BlackEloChange "2"]

1. c4 {[%clk 1:30:30]} e6 {[%clk 1:30:30]} 2. d4 {[%clk 1:30:30]} d5 {[%clk
1:30:30]} 3. Nf3 {[%clk 1:30:30]} a6 {[%clk 1:30:30]} 4. c5 {[%clk 1:30:30]} b6
{[%clk 1:30:30]} 5. cxb6 {[%clk 1:30:30]} cxb6 {[%clk 1:30:30]} 6. Bf4 {[%clk
1:30:30]} Bb7 {[%clk 1:30:30]} 7. e3 {[%clk 1:30:30]} Nf6 {[%clk 1:30:30]} 8.
Nbd2 {[%clk 1:30:30]} Bd6 {[%clk 1:30:30]} 9. Bxd6 {[%clk 1:30:30]} Qxd6 {[%clk
1:30:30]} 10. Bd3 {[%clk 1:30:30]} Nbd7 {[%clk 1:30:30]} 11. O-O {[%clk 1:30:30]}
O-O {[%clk 1:30:30]} 12. Rc1 {[%clk 1:30:30]} Rfc8 {[%clk 1:30:30]} 13. Qe2
{[%clk 1:30:30]} a5 {[%clk 1:30:30]} 14. Nb1 {[%clk 1:30:30]} Ne4 {[%clk
1:30:30]} 15. Na3 {[%clk 1:30:30]} h6 {[%clk 1:30:30]} 16. Nb5 {[%clk 1:30:30]}
Qe7 {[%clk 1:30:30]} 17. Nd2 {[%clk 1:30:30]} Qb4 {[%clk 1:30:30]} 18. Nb1 {[%clk
1:30:30]} Qf8 {[%clk 1:30:30]} 19. N1a3 {[%clk 1:30:30]} Ndf6 {[%clk 1:30:30]}
20. Nc7 {[%clk 1:30:30]} Rab8 {[%clk 1:30:30]} 21. Nab5 {[%clk 1:30:30]} Qd8
{[%clk 1:30:30]} 22. Rc2 {[%clk 1:30:30]} Nd6 {[%clk 1:30:30]} 23. Nxd6 {[%clk
1:30:30]} Qxd6 {[%clk 1:30:30]} 24. Rfc1 {[%clk 1:30:30]} Qd8 {[%clk 1:30:30]}
25. Bb5 {[%clk 1:30:30]} Ne4 {[%clk 1:30:30]} 26. f3 {[%clk 1:30:30]} Nd6 {[%clk
1:30:30]} 27. b3 {[%clk 1:30:30]} Qe7 {[%clk 1:30:30]} 28. Ba4 {[%clk 1:30:30]}
Nf5 {[%clk 1:30:30]} 29. Rc3 {[%clk 1:30:30]} Rd8 {[%clk 1:30:30]} 30. Qb5 {[%clk
1:30:30]} Bc8 {[%clk 1:30:30]} 31. Qd3 {[%clk 1:30:30]} Qg5 {[%clk 1:30:30]} 32.
R1c2 {[%clk 1:30:30]} Bb7 {[%clk 1:30:30]} 33. Bb5 {[%clk 1:30:30]} e5 {[%clk
1:30:30]} 34. Na6 {[%clk 1:30:30]} Bxa6 {[%clk 1:30:30]} 35. Bxa6 {[%clk
1:30:30]} exd4 {[%clk 1:30:30]} 36. exd4 {[%clk 1:30:30]} Qf4 {[%clk 1:30:30]}
37. Qd2 {[%clk 1:30:30]} Qxd4+ {[%clk 1:30:30]} 38. Qxd4 {[%clk 1:30:30]} Nxd4
{[%clk 1:30:30]} 39. Rd2 {[%clk 1:30:30]} Ne6 {[%clk 1:30:30]} 40. Rc6 {[%clk
1:30:30]} Kf8 {[%clk 1:30:30]} 41. Bb5 {[%clk 1:30:30]} Ke7 {[%clk 1:30:30]} 42.
Kf2 {[%clk 1:30:30]} Rd6 {[%clk 1:30:30]} 43. Rxd6 {[%clk 1:30:30]} Kxd6 {[%clk
1:30:30]} 44. Bc4 {[%clk 1:30:30]} Nc7 {[%clk 1:30:30]} 45. Bd3 {[%clk 1:30:30]}
Rd8 {[%clk 1:30:30]} 46. Ke3 {[%clk 1:30:30]} Ne6 {[%clk 1:30:30]} 47. g3 {[%clk
1:30:30]} Re8 {[%clk 1:30:30]} 48. Bb5 {[%clk 1:30:30]} Re7 {[%clk 1:30:30]} 49.
Kd3 {[%clk 1:30:30]} Nc7 {[%clk 1:30:30]} 50. Kd4 {[%clk 1:30:30]} 0-1

[Event "CECLUB Segunda División"]
[Site "Linares"]
[Date "2017.08.08"]
[Round "1"]
[White "Alsina Leal, Daniel"]
[Black "Aparicio Garcia, Enrique"]
[Result "1-0"]
[Board "2"]
[WhiteTitle "GM"]
[WhiteElo "2507"]
[WhiteCountry "ESP"]
[WhiteFideId "2252627"]
[WhiteEloChange "1"]
[BlackElo "2147"]
[BlackCountry "ESP"]
[BlackFideId "2258064"]
[BlackEloChange "-2"]

1. e4 {[%clk 1:30:57]} Nf6 {[%clk 1:30:43]} 2. e5 {[%clk 1:31:15]} Nd5 {[%clk
1:31:07]} 3. d4 {[%clk 1:31:40]} d6 {[%clk 1:31:33]} 4. Nf3 {[%clk 1:31:47]} Bg4
{[%clk 1:31:26]} 5. Be2 {[%clk 1:31:18]} c6 {[%clk 1:31:17]} 6. c4 {[%clk
1:29:46]} Nb6 {[%clk 1:28:40]} 7. exd6 {[%clk 1:25:50]} Bxf3 {[%clk 1:21:37]} 8.
dxe7 {[%clk 1:17:11]} Bxe7 {[%clk 1:10:56]} 9. Bxf3 {[%clk 1:11:14]} Nxc4 {[%clk
1:01:03]} 10. O-O {[%clk 1:10:31]} O-O {[%clk 1:00:20]} 11. Nc3 {[%clk 1:05:25]}
Bf6 {[%clk 0:44:40]} 12. Qb3 {[%clk 1:02:39]} Na5 {[%clk 0:35:24]} 13. Qa4 {[%clk
1:01:17]} b5 {[%clk 0:27:17]} 14. Qc2 {[%clk 1:00:13]} Na6 {[%clk 0:25:09]} 15.
a3 {[%clk 0:43:02]} Qb6 {[%clk 0:19:17]} 16. d5 {[%clk 0:40:18]} Bxc3 {[%clk
0:15:27]} 17. Qxc3 {[%clk 0:32:30]} cxd5 {[%clk 0:14:40]} 18. Bxd5 {[%clk
0:27:23]} Rac8 {[%clk 0:13:22]} 19. Qh3 {[%clk 0:26:20]} Qd4 {[%clk 0:10:31]} 20.
Bf3 {[%clk 0:24:26]} Nb3 {[%clk 0:07:10]} 21. Be3 {[%clk 0:23:01]} Qf6 {[%clk
0:06:55]} 22. Be4 {[%clk 0:13:55]} h6 {[%clk 0:06:54]} 23. Rad1 {[%clk 0:12:59]}
Nac5 {[%clk 0:05:53]} 24. Bd5 {[%clk 0:11:48]} Qxb2 {[%clk 0:04:56]} 25. Qf5
{[%clk 0:03:32]} Qxa3 {[%clk 0:01:22]} 26. Bxf7+ {[%clk 0:03:19]} Kh8 {[%clk
0:01:51]} 27. Bxh6 {[%clk 0:03:00]} Qa6 {[%clk 0:00:45]} 28. Be3 {[%clk 0:00:44]}
g6 {[%clk 0:00:47]} 29. Qe5+ {[%clk 0:00:51]} Kh7 {[%clk 0:01:15]} 30. Bxb3
{[%clk 0:00:57]} Qf6 {[%clk 0:00:37]} 31. Qxf6 {[%clk 0:00:56]} Rxf6 {[%clk
0:01:02]} 32. Bxc5 {[%clk 0:01:15]} 1-0

[Event "CECLUB Segunda División"]
[Site "Linares"]
[Date "2017.08.08"]
[Round "1"]
[White "Gonzalez Pruneda, Arturo"]
[Black "Alonso Moyano, Jonathan"]
[Result "0-1"]
[Board "3"]
[WhiteElo "2123"]
[WhiteCountry "ESP"]
[WhiteFideId "2256860"]
[WhiteEloChange "-3"]
[BlackTitle "IM"]
[BlackElo "2404"]
[BlackCountry "ESP"]
[BlackFideId "2216019"]
[BlackEloChange "2"]

1. e4 {[%clk 1:30:57]} c5 {[%clk 1:30:51]} 2. c3 {[%clk 1:31:22]} Nf6 {[%clk
1:31:00]} 3. e5 {[%clk 1:31:38]} Nd5 {[%clk 1:31:23]} 4. d4 {[%clk 1:31:54]} cxd4
{[%clk 1:31:32]} 5. Nf3 {[%clk 1:32:21]} d6 {[%clk 1:30:32]} 6. Bc4 {[%clk
1:30:57]} Nb6 {[%clk 1:29:06]} 7. Bb3 {[%clk 1:31:24]} d5 {[%clk 1:28:19]} 8.
Qxd4 {[%clk 1:24:12]} Bf5 {[%clk 1:25:39]} 9. O-O {[%clk 1:22:27]} e6 {[%clk
1:20:22]} 10. Na3 {[%clk 0:59:29]} Nc6 {[%clk 1:17:49]} 11. Qe3 {[%clk 0:55:46]}
Be7 {[%clk 1:14:40]} 12. Nb5 {[%clk 0:36:40]} O-O {[%clk 1:09:22]} 13. Nbd4
{[%clk 0:27:38]} Bg6 {[%clk 1:07:24]} 14. Re1 {[%clk 0:27:20]} Rc8 {[%clk
1:04:26]} 15. h3 {[%clk 0:25:22]} Bc5 {[%clk 0:51:59]} 16. Nxc6 {[%clk 0:22:26]}
Rxc6 {[%clk 0:52:23]} 17. Qe2 {[%clk 0:22:09]} Qc7 {[%clk 0:44:29]} 18. Be3
{[%clk 0:14:51]} Bxe3 {[%clk 0:36:11]} 19. Qxe3 {[%clk 0:15:15]} Qb8 {[%clk
0:21:33]} 20. Nd4 {[%clk 0:14:33]} Rcc8 {[%clk 0:21:57]} 21. Nb5 {[%clk 0:12:09]}
Rcd8 {[%clk 0:17:53]} 22. Rad1 {[%clk 0:08:13]} Nc8 {[%clk 0:14:46]} 23. Rd2
{[%clk 0:07:47]} a6 {[%clk 0:14:43]} 24. Nd4 {[%clk 0:08:09]} Ne7 {[%clk
0:14:33]} 25. f3 {[%clk 0:07:04]} b5 {[%clk 0:12:02]} 26. Red1 {[%clk 0:04:14]}
Rc8 {[%clk 0:10:34]} 27. Qe2 {[%clk 0:03:13]} Qb6 {[%clk 0:09:24]} 28. a3 {[%clk
0:02:50]} Nc6 {[%clk 0:08:56]} 29. Kh1 {[%clk 0:02:55]} Na5 {[%clk 0:09:12]} 30.
Ba2 {[%clk 0:02:55]} Nc4 {[%clk 0:08:31]} 31. Bxc4 {[%clk 0:03:18]} bxc4 {[%clk
0:08:55]} 32. Qe3 {[%clk 0:02:08]} Rb8 {[%clk 0:08:37]} 33. Rf1 {[%clk 0:02:15]}
Qc7 {[%clk 0:07:56]} 34. Rff2 {[%clk 0:02:12]} Rb6 {[%clk 0:07:54]} 35. f4 {[%clk
0:02:16]} Be4 {[%clk 0:05:39]} 36. Ne2 {[%clk 0:01:26]} Rfb8 {[%clk 0:05:26]} 37.
Ng3 {[%clk 0:01:53]} Bd3 {[%clk 0:05:47]} 38. f5 {[%clk 0:01:19]} exf5 {[%clk
0:05:45]} 39. Qd4 {[%clk 0:00:39]} Re6 {[%clk 0:03:42]} 40. Nxf5 {[%clk 0:00:44]}
Rxe5 {[%clk 0:03:29]} 41. Ne3 {[%clk 0:00:31]} Re4 {[%clk 0:03:00]} 42. Qxd5
{[%clk 0:00:35]} Rxe3 {[%clk 0:03:18]} 0-1

[Event "CECLUB Segunda División"]
[Site "Linares"]
[Date "2017.08.08"]
[Round "1"]
[White "Perez Manas, Benjamin"]
[Black "Fernandez Gonzalez, Sergio"]
[Result "1-0"]
[Board "4"]
[WhiteTitle "FM"]
[WhiteElo "2333"]
[WhiteCountry "ESP"]
[WhiteFideId "22200169"]
[WhiteEloChange "4"]
[BlackElo "2100"]
[BlackCountry "ESP"]
[BlackFideId "22250700"]
[BlackEloChange "-4"]

1. e4 {[%clk 1:30:57]} e6 {[%clk 1:30:34]} 2. d4 {[%clk 1:31:19]} d5 {[%clk
1:30:57]} 3. Nd2 {[%clk 1:31:32]} dxe4 {[%clk 1:30:20]} 4. Nxe4 {[%clk 1:31:54]}
Bd7 {[%clk 1:30:46]} 5. Nf3 {[%clk 1:31:36]} Bc6 {[%clk 1:31:10]} 6. Bd3 {[%clk
1:31:24]} Nd7 {[%clk 1:31:13]} 7. Qe2 {[%clk 1:29:40]} Ngf6 {[%clk 1:31:36]} 8.
Nxf6+ {[%clk 1:27:04]} Nxf6 {[%clk 1:31:57]} 9. O-O {[%clk 1:26:04]} Bxf3 {[%clk
1:30:27]} 10. Qxf3 {[%clk 1:26:26]} c6 {[%clk 1:30:21]} 11. c3 {[%clk 1:25:40]}
Be7 {[%clk 1:29:13]} 12. Re1 {[%clk 1:23:01]} O-O {[%clk 1:28:51]} 13. Qh3 {[%clk
1:18:45]} g6 {[%clk 1:17:24]} 14. Bh6 {[%clk 1:13:39]} Re8 {[%clk 1:17:45]} 15.
Rad1 {[%clk 1:08:28]} a5 {[%clk 1:13:31]} 16. a4 {[%clk 1:03:31]} Qc7 {[%clk
0:54:13]} 17. Bc4 {[%clk 0:49:40]} Bf8 {[%clk 0:48:43]} 18. Bxf8 {[%clk 0:46:58]}
Kxf8 {[%clk 0:48:55]} 19. Re5 {[%clk 0:46:48]} Kg7 {[%clk 0:46:30]} 20. Rde1
{[%clk 0:45:22]} Nd7 {[%clk 0:41:31]} 21. R5e4 {[%clk 0:42:56]} Nf8 {[%clk
0:24:22]} 22. Qe3 {[%clk 0:43:09]} Qd8 {[%clk 0:21:44]} 23. h4 {[%clk 0:41:18]}
Nd7 {[%clk 0:18:15]} 24. h5 {[%clk 0:40:25]} gxh5 {[%clk 0:18:43]} 25. Rf4 {[%clk
0:35:03]} Nf8 {[%clk 0:14:41]} 26. Qe5+ {[%clk 0:34:03]} Kg8 {[%clk 0:14:43]} 27.
Qxh5 {[%clk 0:33:19]} Ng6 {[%clk 0:15:01]} 28. Rg4 {[%clk 0:31:59]} Qf6 {[%clk
0:07:58]} 29. Re3 {[%clk 0:31:42]} Kh8 {[%clk 0:07:06]} 30. Rh3 {[%clk 0:25:47]}
Qg7 {[%clk 0:07:31]} 31. Bd3 {[%clk 0:26:04]} Rg8 {[%clk 0:07:50]} 32. Bxg6
{[%clk 0:22:35]} fxg6 {[%clk 0:08:06]} 33. Qc5 {[%clk 0:22:51]} Qc7 {[%clk
0:03:59]} 34. Re4 {[%clk 0:21:32]} Rge8 {[%clk 0:00:36]} 35. Rhe3 {[%clk
0:21:07]} Qd7 {[%clk 0:00:33]} 36. Qc4 {[%clk 0:18:05]} b5 {[%clk 0:00:59]} 37.
Qa2 {[%clk 0:18:20]} Qd5 {[%clk 0:00:34]} 38. b3 {[%clk 0:16:28]} bxa4 {[%clk
0:00:32]} 39. Qxa4 {[%clk 0:16:50]} Rab8 {[%clk 0:00:31]} 40. c4 {[%clk 0:17:09]}
Qh5 {[%clk 0:00:52]} 41. f3 {[%clk 0:14:46]} Qf5 {[%clk 0:00:38]} 42. Qxc6 {[%clk
0:14:51]} a4 {[%clk 0:01:07]} 43. Qxa4 {[%clk 0:14:35]} Ra8 {[%clk 0:01:34]} 44.
Qd7 {[%clk 0:14:40]} 1-0

[Event "CECLUB Segunda División"]
[Site "Linares"]
[Date "2017.08.08"]
[Round "1"]
[White "Kurajica, Bojan"]
[Black "Silva Lucena, Cristian"]
[Result "0-1"]
[Board "1"]
[WhiteTitle "GM"]
[WhiteElo "2525"]
[WhiteCountry "BIH"]
[WhiteFideId "14400057"]
[WhiteEloChange "-8"]
[BlackElo "2273"]
[BlackCountry "ESP"]
[BlackFideId "2232588"]
[BlackEloChange "16"]

1. Nf3 {[%clk 1:30:57]} Nf6 {[%clk 1:30:45]} 2. c4 {[%clk 1:31:21]} c5 {[%clk
1:30:58]} 3. g3 {[%clk 1:31:30]} d5 {[%clk 1:30:50]} 4. cxd5 {[%clk 1:31:52]}
Nxd5 {[%clk 1:31:11]} 5. Bg2 {[%clk 1:32:00]} Nc6 {[%clk 1:30:37]} 6. d4 {[%clk
1:31:51]} cxd4 {[%clk 1:30:34]} 7. Nxd4 {[%clk 1:32:08]} Ndb4 {[%clk 1:30:35]} 8.
Nxc6 {[%clk 1:32:20]} Qxd1+ {[%clk 1:30:52]} 9. Kxd1 {[%clk 1:32:46]} Nxc6 {[%clk
1:31:15]} 10. Be3 {[%clk 1:24:19]} e5 {[%clk 1:26:33]} 11. Nc3 {[%clk 1:13:37]}
Bf5 {[%clk 1:12:44]} 12. Bxc6+ {[%clk 1:08:09]} bxc6 {[%clk 1:13:03]} 13. f3
{[%clk 1:08:38]} Bb4 {[%clk 1:07:55]} 14. Rc1 {[%clk 1:05:37]} O-O {[%clk
0:58:29]} 15. Ke1 {[%clk 1:04:34]} Rfb8 {[%clk 0:56:45]} 16. b3 {[%clk 0:43:05]}
a5 {[%clk 0:52:15]} 17. Kf2 {[%clk 0:43:18]} Bxc3 {[%clk 0:52:11]} 18. Rxc3
{[%clk 0:43:38]} a4 {[%clk 0:52:31]} 19. bxa4 {[%clk 0:38:26]} Rxa4 {[%clk
0:51:26]} 20. a3 {[%clk 0:38:48]} e4 {[%clk 0:48:07]} 21. f4 {[%clk 0:38:27]} Be6
{[%clk 0:47:38]} 22. Rd1 {[%clk 0:36:46]} Bd5 {[%clk 0:46:54]} 23. f5 {[%clk
0:36:34]} f6 {[%clk 0:46:27]} 24. Bc5 {[%clk 0:34:41]} Kf7 {[%clk 0:42:14]} 25.
Ke3 {[%clk 0:33:22]} g6 {[%clk 0:37:49]} 26. g4 {[%clk 0:33:24]} Raa8 {[%clk
0:30:56]} 27. Rd4 {[%clk 0:30:19]} Rb1 {[%clk 0:29:12]} 28. Rb4 {[%clk 0:30:15]}
Rg1 {[%clk 0:23:28]} 29. Rb7+ {[%clk 0:30:15]} Kg8 {[%clk 0:23:34]} 30. h3 {[%clk
0:28:25]} gxf5 {[%clk 0:21:40]} 31. gxf5 {[%clk 0:28:12]} Rf1 {[%clk 0:22:07]}
32. Kd2 {[%clk 0:25:44]} Rxf5 {[%clk 0:22:34]} 33. h4 {[%clk 0:25:15]} Bf7 {[%clk
0:22:24]} 34. Bb4 {[%clk 0:23:10]} Rc8 {[%clk 0:20:22]} 35. Rc5 {[%clk 0:21:04]}
Rf4 {[%clk 0:19:20]} 36. h5 {[%clk 0:18:22]} Rh4 {[%clk 0:17:45]} 37. Rf5 {[%clk
0:17:52]} Bxh5 {[%clk 0:17:01]} 38. Rxf6 {[%clk 0:13:56]} Rh2 {[%clk 0:16:51]}
39. Rf5 {[%clk 0:14:10]} Rxe2+ {[%clk 0:16:20]} 40. Kc3 {[%clk 0:14:38]} Bg6
{[%clk 0:15:57]} 41. Rf6 {[%clk 0:14:34]} c5 {[%clk 0:15:50]} 42. Ba5 {[%clk
0:15:01]} e3 {[%clk 0:15:57]} 43. Kc4 {[%clk 0:13:53]} Rf2 {[%clk 0:14:33]} 44.
Re6 {[%clk 0:12:37]} Bf7 {[%clk 0:14:21]} 45. Rxf7 {[%clk 0:13:03]} Kxf7 {[%clk
0:14:27]} 46. Rxe3 {[%clk 0:13:30]} Rf4+ {[%clk 0:14:36]} 47. Kb5 {[%clk
0:13:43]} Rb8+ {[%clk 0:14:32]} 48. Kc6 {[%clk 0:14:03]} h5 {[%clk 0:13:08]} 49.
Bc7 {[%clk 0:14:04]} Rf6+ {[%clk 0:13:29]} 50. Kd5 {[%clk 0:13:53]} Rc8 {[%clk
0:13:39]} 51. Be5 {[%clk 0:14:07]} Rf5 {[%clk 0:12:26]} 0-1